Datum a čas kvízu
23.5
Celkem bodů
Celkový počet nahraných bodů na tomto kvízu bez doplňovacích otázek.
5.
Pořadí na kvízu
Konečné umístění týmu na tomto kvízu.
Zaznamenané odpovědi
| # | Otázka | Odpověď | Body | Výsledky |
|---|---|---|---|---|
| 1. | Pražská soukromá vysoká škola... | je online | 0 | |
| 2. | Napište dvouslovný název chemi... | dusičnan (ledek) amonný | 0 | |
| 3. | Minulý týden byl odhalen trail... | Bábovky | 0 | |
| 4. | Ve Velharticích na Klatovsku o... | brambory | 0 | |
| 5. | Světová deblová dvojka Barbora... | Simona Halepová | 1 | |
| 6. | Historie kulečníkových her sah... | slonovina | 0 | |
| 7. | Kulečník, nebo také biliár (z... | pool | 1 | |
| 8. | Osmička (Eight-ball) se hraje... | A | 1 | |
| 9. | Nyní vám pustíme ukázku ze ser... | karambol | 0 | |
| 10. | Barva peněz je snímek z roku 1... | Tom Cruise | 1 |